000 00239nam a2200109Ia 4500
008 190216s9999||||xx |||||||||||||| ||und||
100 _aSwaminathan L
245 0 _aLectures On Costing
260 _bNull
_c1991
300 _a471p
942 _cBK
999 _c5339
_d5339